Catalog

Record Details

Catalog Search



The saved seed  Cover Image Book Book

The saved seed / written by Brenda Moore ; illustrated by Emily Lackey.

Moore, Brenda, : (author.). Lackey, Emily, (illustrator.).

Summary:

"The Saved Seed shows the young child that seeds originally come from nature. The seed saved from carving a pumpkin at Halloween guides the child through the year with all the basic steps in gardening that allows it to grow into a vine with new pumpkins for the next Halloween."--Foreward.

Record details

  • ISBN: 9780941994217
  • ISBN: 094199421X
  • Physical Description: 1 volume (unpaged) : color illustrations ; 29 cm
  • Publisher: St. Louis, MO : National Garden Clubs, ©2017.
Subject: Growth (Plants) > Juvenile fiction.
Gardening > Juvenile fiction.
Seeds. > Fiction.
Plants
Nature
Genre: Picture Book
Stories in rhyme.
Juvenile works.
Fiction.

Available copies

  • 2 of 2 copies available at scottsboropl.

Holds

  • 0 current holds with 2 total copies.
Show Only Available Copies
Location Call Number / Copy Notes Barcode Shelving Location Status Due Date
scottsboropl E Moo 32269001027948 Juvenile - Easy Available -
scottsboropl E Moo 32269001250243 Storage - Juvenile Available -

LDR 01295cam a2200301Ki 4500
001144624
003SBPL
00520171117070446.0
008170831t20172017mou j 000 1 eng d
020 . ‡a9780941994217
020 . ‡a094199421X
035 . ‡a(CONS)144624
035 . ‡a(CPomAG)LMN601991
08204. ‡a[E] ‡223
1001 . ‡aMoore, Brenda, : ‡eauthor.
24514. ‡aThe saved seed / ‡cwritten by Brenda Moore ; illustrated by Emily Lackey.
264 1. ‡aSt. Louis, MO : ‡bNational Garden Clubs, ‡c©2017.
300 . ‡a1 volume (unpaged) : ‡bcolor illustrations ; ‡c29 cm
336 . ‡atext ‡btxt ‡2rdacontent
337 . ‡aunmediated ‡bn ‡2rdamedia
338 . ‡avolume ‡bnc ‡2rdacarrier
520 . ‡a"The Saved Seed shows the young child that seeds originally come from nature. The seed saved from carving a pumpkin at Halloween guides the child through the year with all the basic steps in gardening that allows it to grow into a vine with new pumpkins for the next Halloween."--Foreward.
650 0. ‡aGrowth (Plants) ‡vJuvenile fiction.
650 0. ‡aGardening ‡vJuvenile fiction.
650 4. ‡aSeeds. ‡vFiction.
6500 . ‡aPlants
6500 . ‡aNature
6550 . ‡aPicture Book
655 7. ‡aStories in rhyme. ‡2lcgft
655 7. ‡aJuvenile works. ‡2lcgft
655 7. ‡aFiction. ‡2lcgft
7001 . ‡aLackey, Emily, ‡eillustrator.
901 . ‡a144624 ‡bUnknown ‡c144624 ‡tbiblio

Additional Resources